Statistiques concernant Profill #6 - Napoléon

Cliquez ici pour prendre le quiz!

Statistiques générales

  • Ce quiz a été pris 873 fois
  • Le résultat moyen est 14 sur 17

Statistiques - réponses

HintRéponse% Correct
OrigineFlag of Corsica {Corse}
97%
Lieu de décèsÎle {Sainte}-{Hélène}
(Royaume-Uni)
94%
Fonction{Empereur} des Français
91%
2 décembre 1804,
en la cathédrale Notre-Dame de Paris
{Couronnement}
89%
DynastieMaison {Bonaparte}
89%
Le Petit Caporal
Le Grand Général
{Surnom}
89%
18 mai 1804 – 22 juin {1815}
(10 ans, 1 mois et 21 jours)
88%
Lieu de naissance{Ajaccio} (France)
88%
Date de décès5 mai {1821}
86%
SépultureHôtel des {Invalides} (Paris)
84%
Militaire, Politicien{Profession}
84%
Conjoints{Joséphine} de Beauharnais
(1796-1809)
Marie-Louise d'Autriche
(1810-1821)
80%
Grade{Général} de division
79%
Successeur{Louis} {XVIII} (roi de France et de Navarre)
77%
FonctionRoi d'{Italie}
69%
Guerres de la Révolution française
Guerres napoléoniennes
{Conflits}
68%
FonctionMédiateur de la Confédération {suisse}
46%

Distribution des résultats

Percentile par nombre de réponses

% des personnes avec chaque résultat

Votre développement - résultats

Vous n’avez pas pris ce quiz